El vanguardismo literario en Costa Rica /
Gardado en:
| Autor Principal: | |
|---|---|
| Formato: | Libro |
| Idioma: | Spanish |
| Publicado: |
Heredia, [Costa Rica] :
EUNA,
2005
|
| Materias: | |
| Etiquetas: |
Engadir etiqueta
Sen Etiquetas, Sexa o primeiro en etiquetar este rexistro!
|
MARC
| LEADER | 00000cam a2200000 a 4500 | ||
|---|---|---|---|
| 001 | 5771683 | ||
| 005 | 20160112153116.0 | ||
| 008 | 060130s2005 cr b 001 0 spa | ||
| 020 | |a 9977652678 | ||
| 040 | |a DLC |c DLC |d CIICLA UCR | ||
| 082 | 0 | 0 | |a CR860.9 |2 22 |b M743v |
| 100 | 1 | |a Monge Meza, Carlos Francisco, |d 1951- | |
| 245 | 1 | 3 | |a El vanguardismo literario en Costa Rica / |c Carlos Francisco Monge. |
| 260 | |a Heredia, [Costa Rica] : |b EUNA, |c 2005 | ||
| 300 | |a 127 páginas ; |c 21 centímetros. | ||
| 504 | |a Incluye referencias bibliográficas (páginas. 121-124) e índice. | ||
| 650 | 1 | 4 | |a LITERATURA COSTARRICENSE |y SIGLO XX |x HISTORIA Y CRITICA |
| 650 | 1 | 4 | |a LITERATURA EXPERIMENTAL |z COSTA RICA |x HISTORIA Y CRITICA |
| 942 | |2 ddc |c BK | ||
| 999 | |c 4547 |d 4547 | ||



